000 01761nam a2200301 a 4500
001 000013280
003 DO-SdBNP
005 20171004084347.0
007 000013280
008 091123t1998 dr 001 e spa d
040 _aBPMSU
_bspa
_cBPMSU
082 4 _aRD864.44
_bV635a 1998
100 1 _aVicioso, Chiqui,
_d1948-
245 1 0 _aAlgo que decir :
_bensayos sobre literatura femenina (1981-1991) /
_cSherezada Vicioso (Chiqui) ; presentación José Alcántara Almánzar.
250 _a2a. ed. aum.
260 _aSanto Domingo :
_bBúho,
_c1998
300 _a143 p. ;
_c21 cm.
504 _aIncluye bibliografía y notas al pie de páginas.
505 0 _gDedicatoria --
_gPresentación --
_gIntroducción --
_tEl éxito según San ... Hacia una reinvindicación de la poesía femenina en República Dominicana --
_tCarmen Natalia Martínez Bonilla, de la soledad al compromiso --
_tJulia de Burgos, la nuestra --
_tEl rival de Rio Grande de Loiza (Entrevista con el Sr. Juan Isidro Jimémes Grullón) --
_tEntrevista con Don Juan Bosch, sobre Julia de Burgos --
_tSalomé Ureña de Henríquez, una identificación necesaria --
_tEl magisterio: otra dimensión de la poesía para las poetas pos-modernistas --
_tLa mujer en la literatura dominicana. A cuarenta y siete años de Camila de Henríquez --
_tLos caminos de la solidaridad entre las mujeres escritoras --
_tJohanna Goede o la literatura como supervivencia.
650 4 _aENSAYOS DOMINICANOS
650 4 _aLITERATURA DOMINICANA
650 4 _aMUJERES COMO AUTORAS
_xENSAYOS, CONFERENCIAS, ETC.
700 1 _aAlcántara Almánzar, José,
_d1946-
910 _aValidado. Control de calidad EMS.
942 _2ddc
_cBK
945 _a Inventariado / 2017 VM
956 _aVMATEO
_b10
_c20150806
_lBPMSU
_h00151
999 _c8105
_d8105